000 00898nac a22002171u 4500
010 _a 2006026293
020 _a9781405133807 (hardback)
020 _a9781405133814 (pbk.)
082 0 0 _a330.015195
_bT9397
090 _c2416
_d2416
100 _aTurkington, Darrell A.
245 1 0 _aMathematical tools for economics /
_cDarrell A. Turkington.
260 _aMalden, MA :
_bBlackwell Pub.,2007
_c2007.
300 _axi,365 p. ;
_b22 cm.
504 _aIncludes bibliography:p. 359-360 and index.
650 0 _aEconomics, Mathematical.
650 0 _aEconomics
_xMathematical models.
856 4 1 _3Table of contents only
_uhttp://www.loc.gov/catdir/toc/ecip0618/2006026293.html
942 _cBB
_k330.015195 T9397
999 _c2416
_d2416